جمنا سے زمزم تک / (Record no. 106786)

MARC details
000 -LEADER
fixed length control field 00783nam a22002537a 4500
005 - DATE AND TIME OF LATEST TRANSACTION
control field 20170123162317.0
010 ## - LIBRARY OF CONGRESS CONTROL NUMBER
LC control number A-998718
020 ## - INTERNATIONAL STANDARD BOOK NUMBER
Terms of availability 200.00
035 ## - SYSTEM CONTROL NUMBER
System control number A-998718
037 ## - SOURCE OF ACQUISITION
Source of stock number/acquisition Cen Lib/Ret
040 ## - CATALOGING SOURCE
Original cataloging agency DPL
Language of cataloging UR
082 ## - DEWEY DECIMAL CLASSIFICATION NUMBER
Classification number 841
Item number ص دی
100 ## - MAIN ENTRY--PERSONAL NAME
Personal name سددیقی، قادر
9 (RLIN) 399
245 ## - TITLE STATEMENT
Title جمنا سے زمزم تک /
Statement of responsibility, etc قادر سددیقی
246 ## - VARYING FORM OF TITLE
Title proper/short title Jamuna se jamjam tak /
Remainder of title by Qadir Siddiqi
260 ## - PUBLICATION, DISTRIBUTION, ETC. (IMPRINT)
Place of publication, distribution, etc لکھنؤ
Name of publisher, distributor, etc نصرت پبلشرز
Date of publication, distribution, etc 1999
270 ## - ADDRESS
City لکھنؤ
Address آمناباد
Postal code 226013
300 ## - PHYSICAL DESCRIPTION
Extent 437p.
Dimensions 21cm(Hb
650 ## - SUBJECT ADDED ENTRY--TOPICAL TERM
Topical term or geographic name as entry element ادب - اردو
9 (RLIN) 115079
650 ## - SUBJECT ADDED ENTRY--TOPICAL TERM
Topical term or geographic name as entry element اردو نظم
9 (RLIN) 115080
650 ## - SUBJECT ADDED ENTRY--TOPICAL TERM
Topical term or geographic name as entry element Literature -- Urdu
9 (RLIN) 115081
650 ## - SUBJECT ADDED ENTRY--TOPICAL TERM
Topical term or geographic name as entry element Urdu poetry
9 (RLIN) 115082
942 ## - ADDED ENTRY ELEMENTS (KOHA)
Source of classification or shelving scheme Dewey Decimal Classification
Koha item type Urdu Bks
Classification part 841
Call number suffix ص دی
Holdings
Withdrawn status Lost status Damaged status Not for loan Home library Current library Date acquired Source of acquisition Cost, normal purchase price Total Checkouts Full call number Barcode Date last seen Copy number Cost, replacement price Price effective from Koha item type
        Central Library Central Library 29/12/2015 Cen Lib/Ret 200.00   841 ص دی A-998718 29/12/2015 1 200.00 29/12/2015 Urdu Bks

© Delhi Public Library
Hit Counter
free hit counter